Jadrová energetika a rádioaktívne odpady.

Podľa uznesenia federálnej vlády z 23. decembra 1991 sa výroba elektriny a tepla v jadrových elektrárňach považuje za prijateľnú, za predpokladu plného rešpektovania medzinárodne uznávaných požiadaviek jadrovej bezpečnosti. Charakteristika rizík jadrovej energetiky. Uspokojivý stav v ČSFR. Zameranie...

Descrizione completa

Salvato in:
Dettagli Bibliografici
Autore principale: Kříž, Z.
Natura: Capitolo di libro
Lingua:slovacco
Soggetti:
Tags: Aggiungi Tag
Nessun Tag, puoi essere il primo ad aggiungerne!!

MARC

LEADER 00000naa a2200000 4500
001 r009245
005 20220831085530.0
041 0 |a slo 
044 |a [CS] 
245 1 0 |a Jadrová energetika a rádioaktívne odpady.  |c Z. Kříž 
520 |a Podľa uznesenia federálnej vlády z 23. decembra 1991 sa výroba elektriny a tepla v jadrových elektrárňach považuje za prijateľnú, za predpokladu plného rešpektovania medzinárodne uznávaných požiadaviek jadrovej bezpečnosti. Charakteristika rizík jadrovej energetiky. Uspokojivý stav v ČSFR. Zameranie pozornosti na otázky rádioaktívneho odpadu. 
610 2 0 |a energetika 
610 2 0 |a energia atómová 
610 2 0 |a elektrárne atómové 
610 2 0 |a ČSFR 
610 2 0 |a odpad 
100 1 |a Kříž, Z.